PAPE - kraje związkowe Austrii - Statystyki

Ogólne statystyki
  • Ten quiz został rozwiązany 5 razy
  • Średni wynik to 7 z 9
Statystyki odpowiedzi
kraj związkowy % Poprawnych
Tyrol
100%
Dolna Austria
80%
Górna Austria
80%
Karyntia
80%
Salzburg
80%
Wiedeń
80%
Burgenland
60%
Styria
60%
Vorarlberg
40%
Nie znaleziono quizów pasujących do podanych kryteriów
Rozkład punktacji
Procent ludzi z każdym wynikiem
Percentyl według liczby udzielonych odpowiedzi
Twoja historia wyników
Nie rozwiązałeś tego quizu